|
|
|
|
| LEADER |
00000cam a2200000 4500 |
| 001 |
vtls012195265 |
| 003 |
SK-MaSNL |
| 005 |
20260426010807.0 |
| 008 |
230207s2022 xo o g 000 1 slo |
| 015 |
|
|
|a SNBA2023/06
|
| 020 |
|
|
|a 9788082011770
|q (viazané)
|
| 040 |
|
|
|a SNK
|b slo
|c SNK
|e rda
|
| 041 |
0 |
|
|a slo
|
| 044 |
|
|
|a xo
|c SK
|
| 072 |
|
7 |
|a 341
|x Medzinárodné právo
|2 konspekt
|
| 072 |
|
7 |
|a 32
|x Politika
|2 konspekt
|
| 080 |
|
|
|a 341.71-055.1
|2 2011
|
| 080 |
|
|
|a 341.221.4
|2 2011
|
| 080 |
|
|
|a 327(100)
|2 2011
|
| 080 |
|
|
|a (0:82-4)
|2 2011
|
| 080 |
|
|
|a (0:82-94)
|2 2011
|
| 100 |
1 |
|
|a Mojžita, Miroslav,
|d 1951-
|4 aut
|9 117902
|
| 245 |
1 |
0 |
|a Diplomacia s modrým golierom
|b spätné pohľady
|c Miroslav Mojžita
|
| 250 |
|
|
|a Prvé vydanie
|
| 264 |
|
1 |
|a Žilina
|b Artis Omnis
|c 2022
|
| 300 |
|
|
|a 223 strán
|b čiernobiele fotografie
|c 22 cm
|
| 336 |
|
|
|a text
|b txt
|2 rdacontent
|
| 337 |
|
|
|a bez média
|b n
|2 rdamedia
|
| 338 |
|
|
|a zväzok
|b nc
|2 rdacarrier
|
| 490 |
1 |
|
|a Pamäť
|
| 650 |
0 |
7 |
|a diplomati
|2 SNKPH
|9 2220
|
| 650 |
0 |
7 |
|a Diplomats
|2 SNKPHeng
|9 288721
|
| 650 |
0 |
7 |
|a medzinárodné vzťahy
|2 SNKPH
|9 3690
|
| 650 |
0 |
7 |
|a Internationalization
|2 SNKPHeng
|9 267177
|
| 650 |
0 |
7 |
|a svetová politika
|2 SNKPH
|9 3783
|
| 650 |
0 |
7 |
|a World politics
|2 SNKPHeng
|9 286815
|
| 655 |
|
7 |
|a reportáže
|2 SNKPH
|9 28856
|
| 655 |
|
7 |
|a Reportage
|2 SNKPHeng
|9 281562
|
| 655 |
|
7 |
|a spomienky
|2 SNKPH
|9 29509
|
| 655 |
|
7 |
|a Reminiscences
|2 SNKPHeng
|9 93477
|
| 700 |
1 |
|
|a Demeš, Pavol,
|d 1956-
|4 pht
|9 101638
|
| 830 |
|
0 |
|a Pamäť
|9 356166
|
| 852 |
|
|
|a Slovenská národná knižnica
|
| 919 |
|
|
|a 978-80-8201-177-0
|
| 954 |
|
|
|a odborná, vedecká literatúra pôvodná (slovenská)
|2 lita
|
| 999 |
|
|
|c 1044659
|d 1046589
|
| 952 |
|
|
|a SNK
|b SNK
|y PREZ
|7 0
|p 17A1518425
|o snkSC 200758
|i snk2023/2269
|8 0
|0 0
|1 0
|4 0
|d 2023-02-07
|l 0
|r 2025-10-23 00:00:00
|w 2026-02-24
|
| 952 |
|
|
|a SNK
|b SNK
|y VYP
|7 0
|p 17A1518424
|o snkSC 200758 D1
|i snk2023/2270
|8 0
|0 0
|1 0
|4 0
|d 2023-02-07
|l 0
|r 2026-02-24 14:35:58
|w 2026-02-24
|